00668cam a22002051 4500001001300000003000400013005001700017008004100034010001700075035002000092040003400112042001200146050002300158110007800181245004500259260004900304300002600353610006600379999001700445l 57000044 DLC20260227111545.0850722s1957 dcua f000 0 eng c al 57000044  a(OCoLC)12292178 aU.S. Dept. of LaborcCLUdDLC apremarc00aHD4835.U4bA5 19571 aUnited States.bDepartment of Labor.bOffice of Personnel Administration.10aCareers in the U.S. Department of Labor. a[Washington,bU.S. Govt. Print. Off.,c1957] a18 p.billus.c23 cm.10aUnited States.bDepartment of LaborxOfficials and employees. c36942d36942